000 00932nam a2200265 a 4500
001 40811
003 BD-RjUL
005 20211209053300.0
008 760817s1976 nju b 001 0 eng
035 _a(BD-RjUL)40926
040 _aDLC
_cDLC
_dDLC
_dBD-RjUL
_beng
041 _aeng
082 0 0 _a354.9310091
_bHIM 1976
100 1 _aHill, Larry B.
_9125584
245 1 4 _aThe model ombudsman :
_binstitutionalizing New Zealand's democratic experiment /
_cLarry B. Hill.
260 _aPrinceton, N.J. :
_bPrinceton University Press,
_cc1976.
300 _axviii, 411 p. ;
_c23 cm.
500 _aBased on the author's thesis, Tulane University, 1970.
504 _aBibliography: p. 387-403. and index.
650 0 _aOmbudspersons
_zNew Zealand.
_9125585
856 4 2 _3Publisher description
_uhttp://www.loc.gov/catdir/enhancements/fy1504/76003258-d.html
942 _2ddc
_cBK
999 _c40811
_d40811